[Event "Lvov Zheliandinov Memorial"]
[Site "Lvov"]
[Date "2022.08.13"]
[Round "11"]
[White "Zazuliak, Andriy"]
[Black "Medvedyk, Volodymyr"]
[Result "0-1"]
[WhiteElo "2258"]
[BlackElo "2111"]
[PlyCount "80"]
[EventDate "2022.08.06"]
[EventType "tourn"]
[EventRounds "11"]
[EventCountry "UKR"]
[SourceTitle "CBM 209 Extra"]
[Source "ChessBase"]
[SourceDate "2022.09.30"]
[SourceVersion "1"]
[SourceVersionDate "2022.09.30"]
[SourceQuality "1"]

1. d4 Nf6 2. c4 g6 3. Nc3 Bg7 4. e4 d6 5. Nf3 0-0 6. Be2 e5 7. 0-0 Nc6 8. Be3 Ng4 9. Bg5 f6 10. Bc1 f5 11. Bg5 Qe8 12. d5 Nd4 13. Nxd4 exd4 14. Nb5 Nxh2 15. Nxc7 Qf7 16. Nxa8 Nxf1 17. e5 dxe5 18. Bxf1 h6 19. Bd2 e4 20. d6 f4 21. Nc7 f3 22. g3 h5 23. Nd5 h4 24. Ne7+ Kh7 25. Bf4 Qe6 26. Nxc8 Qxc8 27. Qa4 Qg4 28. d7 e3 29. Kh2 Rxf4 30. d8Q hxg3+ 31. fxg3 Rf5 32. Qb5 Rxb5 33. cxb5 e2 34. Bxe2 fxe2 35. Qe7 Qf3 36. Qh4+ Qh5 37. Kg2 Qxh4 38. gxh4 d3 39. Kf2 Bxb2 40. Rb1 Bc3 0-1

[Event "Lvov Zheliandinov Memorial"]
[Site "Lvov"]
[Date "2022.08.09"]
[Round "5"]
[White "Zazuliak, Andriy"]
[Black "Karvatskyi, Oleksii"]
[Result "0-1"]
[WhiteElo "2258"]
[BlackElo "1901"]
[PlyCount "104"]
[EventDate "2022.08.06"]
[EventType "tourn"]
[EventRounds "11"]
[EventCountry "UKR"]
[SourceTitle "CBM 209 Extra"]
[Source "ChessBase"]
[SourceDate "2022.09.30"]
[SourceVersion "1"]
[SourceVersionDate "2022.09.30"]
[SourceQuality "1"]

1. d4 Nf6 2. c4 g6 3. Nc3 d5 4. cxd5 Nxd5 5. g3 Bg7 6. Bg2 Nb6 7. Bf4 0-0 8. Nf3 c6 9. 0-0 Be6 10. e4 Na6 11. Re1 Nc7 12. Qc2 Bc4 13. b3 Ba6 14. Rad1 Ne6 15. Be3 Qc8 16. Qc1 Rd8 17. h4 Nd7 18. Bh3 b6 19. d5 Nec5 20. dxc6 Qxc6 21. Nd5 Qb7 22. Nxe7+ Kf8 23. Nd5 Nd3 24. Qa3+ N7c5 25. b4 Bb2 26. Bxc5+ bxc5 27. Qa5 Nxe1 28. Qxc5+ Kg7 29. Rxe1 Bd3 30. Ng5 h6 31. Qe3 Bc4 32. Rb1 Bxd5 33. Rxb2 Bc6 34. Qc3+ Kg8 35. b5 Rab8 36. a4 hxg5 37. bxc6 Qxb2 38. Qxb2 Rxb2 39. c7 Rd1+ 40. Kg2 Rc1 41. c8Q+ Rxc8 42. Bxc8 gxh4 43. a5 h3+ 44. Kxh3 Rxf2 45. a6 Kg7 46. Bb7 Kf6 47. Kg4 Ke5 48. Bc6 Rc2 49. Bb7 Rc4 50. Kf3 Rc3+ 51. Kf2 Kd4 52. Kg2 Re3 0-1

[Event "Omelnyk Grokhotov Memorial 10th"]
[Site "Omelnyk"]
[Date "2022.01.04"]
[Round "4"]
[White "Zazuliak, Andriy"]
[Black "Terletsky, Oleg"]
[Result "1/2-1/2"]
[WhiteElo "2239"]
[BlackElo "2154"]
[PlyCount "41"]
[EventDate "2022.01.03"]
[EventType "tourn"]
[EventRounds "9"]
[EventCountry "UKR"]
[EventCategory "1"]
[SourceTitle "EXT 2023"]
[Source "ChessBase"]
[SourceDate "2022.10.05"]
[SourceVersion "1"]
[SourceVersionDate "2022.10.05"]
[SourceQuality "1"]

1. d4 Nf6 2. Nf3 g6 3. Bf4 Bg7 4. e3 0-0 5. c3 d6 6. h3 Nbd7 7. Be2 Qe8 8. 0-0 e5 9. Bh2 Qe7 10. a4 e4 11. Nfd2 Ne8 12. a5 f5 13. c4 c5 14. Nb3 cxd4 15. Nxd4 Ne5 16. Nc3 Nc7 17. Qb3 Kh8 18. Rfd1 a6 19. Rac1 Ne6 20. Nd5 Qf7 21. Qb6 1/2-1/2

[Event "UKR-ch Rapid"]
[Site "Omelnyk"]
[Date "2021.10.02"]
[Round "8"]
[White "Neverov, Valeriy"]
[Black "Zazuliak, Andriy"]
[Result "1-0"]
[WhiteElo "2442"]
[BlackElo "2239"]
[PlyCount "85"]
[EventDate "2021.10.01"]
[EventType "swiss (rapid)"]
[EventRounds "9"]
[EventCountry "UKR"]
[SourceTitle "CBM 204 Extra"]
[Source "ChessBase"]
[SourceDate "2021.11.30"]
[SourceVersion "1"]
[SourceVersionDate "2021.11.30"]
[SourceQuality "1"]

1. Nf3 Nf6 2. c4 c5 3. g3 g6 4. Bg2 Bg7 5. 0-0 0-0 6. Nc3 Nc6 7. d4 d6 8. d5 Na5 9. Nd2 a6 10. Qc2 e6 11. Rb1 exd5 12. cxd5 b5 13. b3 Re8 14. Bb2 Bb7 15. e4 Rc8 16. Rbe1 Nd7 17. f4 Nb6 18. Nd1 Bxb2 19. Qxb2 Qc7 20. Ne3 c4 21. Qc3 b4 22. Qxb4 Nd7 23. Ndxc4 Nxc4 24. Nxc4 Nc5 25. Qd2 Nd7 26. h3 Ra8 27. Kh2 a5 28. e5 dxe5 29. fxe5 Nc5 30. Qd4 Rad8 31. d6 Qc8 32. Bxb7 Nxb7 33. Qd5 Rf8 34. Rc1 Qb8 35. Rf2 Rd7 36. Rcf1 Nd8 37. Nxa5 Kg7 38. Nc6 Nxc6 39. Qxc6 Qa7 40. e6 Rb7 41. e7 Rxe7 42. dxe7 Qxe7 43. Qf6+ 1-0

[Event "Omelnyk Grokhotov Memorial"]
[Site "Omelnyk"]
[Date "2018.01.03"]
[Round "2"]
[White "Zazuliak, Andriy"]
[Black "Prydun, Andriy"]
[Result "1-0"]
[WhiteElo "2342"]
[BlackElo "2029"]
[PlyCount "93"]
[EventDate "2018.01.03"]
[EventType "tourn"]
[EventRounds "11"]
[EventCountry "UKR"]
[SourceTitle "CBM 182 Extra"]
[Source "ChessBase"]
[SourceDate "2018.02.23"]
[SourceVersion "1"]
[SourceVersionDate "2018.02.23"]
[SourceQuality "1"]

1. c4 Nf6 2. g3 e6 3. Bg2 d5 4. Nf3 c5 5. cxd5 exd5 6. d4 Nc6 7. 0-0 Be7 8. dxc5 Bxc5 9. Nbd2 0-0 10. Nb3 Bb6 11. Nbd4 Bg4 12. Nxc6 bxc6 13. Ne5 Bh5 14. Nxc6 Qe8 15. Nd4 Bxd4 16. Qxd4 Bxe2 17. Re1 Qb5 18. b3 Rfc8 19. Bb2 Rc2 20. Rac1 Qa5 21. Bc3 Qxa2 22. Bxd5 Rxc1 23. Rxc1 Rc8 24. Bb7 Re8 25. Bc6 Rc8 26. Bb7 Re8 27. Qb4 a5 28. Qa4 Qxa4 29. bxa4 h5 30. Bxa5 Rb8 31. Bg2 Rb2 32. Ra1 Ng4 33. h3 Nf6 34. Bc3 Rc2 35. Bxf6 gxf6 36. a5 Rc7 37. a6 Ra7 38. Bb7 Kf8 39. Kg2 Bd3 40. Kf3 Ke7 41. Ke3 Bb5 42. Kf4 Bd7 43. h4 Kd6 44. Rd1+ Ke7 45. Rxd7+ Kxd7 46. Kf5 Ke7 47. f3 1-0

[Event "UKR-ch blitz"]
[Site "Omelnyk"]
[Date "2017.10.14"]
[Round "2"]
[White "Omelja, Artem"]
[Black "Zazuliak, Andriy"]
[Result "0-1"]
[WhiteElo "2436"]
[BlackElo "2325"]
[PlyCount "104"]
[EventDate "2017.10.14"]
[EventType "swiss (blitz)"]
[EventRounds "9"]
[EventCountry "UKR"]
[SourceTitle "CBM 181 Extra"]
[Source "ChessBase"]
[SourceDate "2017.12.12"]
[SourceVersion "1"]
[SourceVersionDate "2017.12.12"]
[SourceQuality "1"]

1. d4 Nf6 2. c4 g6 3. Nc3 Bg7 4. e4 d6 5. Nf3 0-0 6. Be2 Na6 7. 0-0 e5 8. Re1 c6 9. Bf1 Bg4 10. d5 c5 11. a3 Nd7 12. h3 Bxf3 13. Qxf3 f5 14. exf5 gxf5 15. Qh5 Qf6 16. Bg5 Qf7 17. Qxf7+ Rxf7 18. Nb5 Bf8 19. g3 Nf6 20. h4 Kg7 21. Bh3 Kg6 22. Kg2 Nc7 23. Nc3 Re8 24. Nd1 h6 25. Bd2 h5 26. Ne3 Ng4 27. f3 Nxe3+ 28. Bxe3 Bh6 29. Bf2 Ree7 30. b4 b6 31. bxc5 bxc5 32. Rab1 Ne8 33. g4 fxg4 34. fxg4 hxg4 35. Bxg4 Rb7 36. Be6 Rfc7 37. Bg3 Ng7 38. Rf1 Nxe6 39. dxe6 Rxb1 40. Rxb1 Re7 41. Kf3 Kf5 42. Rb8 Rxe6 43. Rb7 e4+ 44. Ke2 Rg6 45. Bf2 Rg2 46. Kf1 Rg4 47. Rxa7 e3 48. Be1 Ke4 49. Rh7 Bf4 50. Ke2 Rg2+ 51. Kd1 Kd3 52. Re7 e2+ 0-1

[Event "Titled Tuesday intern op 3rd May"]
[Site "Chess.com INT"]
[Date "2016.05.03"]
[Round "9"]
[White "Wieczorek, Oskar"]
[Black "Zazuliak, Andriy"]
[Result "1/2-1/2"]
[WhiteElo "2432"]
[BlackElo "2272"]
[PlyCount "145"]
[EventDate "2016.05.03"]
[EventType "swiss (blitz)"]
[EventRounds "9"]
[EventCountry "USA"]
[SourceTitle "EXT 2021"]
[Source "ChessBase"]
[SourceDate "2020.10.23"]
[SourceVersion "1"]
[SourceVersionDate "2020.10.23"]
[SourceQuality "1"]

1. e4 c5 2. Nf3 g6 3. d4 cxd4 4. Nxd4 Bg7 5. c4 Nc6 6. Be3 Nf6 7. Nc3 0-0 8. Be2 d6 9. 0-0 Bd7 10. Qd2 Nxd4 11. Bxd4 Bc6 12. f3 a5 13. b3 Nd7 14. Bf2 Nc5 15. Rab1 Be5 16. Rfd1 e6 17. Nb5 Bxb5 18. cxb5 Qf6 19. Bd4 Rfd8 20. Bxe5 dxe5 21. Qe3 b6 22. Bc4 Rxd1+ 23. Rxd1 Rd8 24. Qe2 Rd4 25. a3 Qd8 26. Rc1 Rd2 27. Qe3 Rd1+ 28. Rxd1 Qxd1+ 29. Kf2 Qc2+ 30. Kg3 Kg7 31. h4 h6 32. b4 axb4 33. axb4 Qxc4 34. bxc5 bxc5 35. b6 Qb5 36. b7 Qxb7 37. Qxc5 Qb2 38. Qc7 Qd4 39. Qb8 Qa1 40. Qc7 Qe1+ 41. Kh3 Qh1+ 42. Kg3 Qe1+ 43. Kh3 Qa1 44. Kg3 Qd4 45. Qb8 Qc5 46. Kh3 g5 47. hxg5 hxg5 48. Qd8 Qe3 49. Kg3 Qf4+ 50. Kf2 g4 51. Qe7 g3+ 52. Ke2 Qc1 53. Qh4 Qc2+ 54. Ke3 Qc1+ 55. Ke2 Qf4 56. Qd8 Qh6 57. Qe7 Qf6 58. Qd6 Qg5 59. Qc7 Kg6 60. Qc8 Kg7 61. Qc7 Qh5 62. Qd6 Kg6 63. Qd8 Kg7 64. Qd6 Qg5 65. Qc7 Qf6 66. Qd6 Qf4 67. Qc7 Kg6 68. Qc8 Kg7 69. Qc7 Qg5 70. Qd6 Qf6 71. Qc7 Qg5 72. Qd6 Qf6 73. Qc7 1/2-1/2

[Event "Titled Tuesday intern op 5th April"]
[Site "Chess.com INT"]
[Date "2016.04.05"]
[Round "1"]
[White "Meier, Georg"]
[Black "Zazuliak, Andriy"]
[Result "1-0"]
[WhiteElo "2659"]
[BlackElo "2272"]
[PlyCount "145"]
[EventDate "2016.04.05"]
[EventType "swiss (blitz)"]
[EventRounds "9"]
[EventCountry "USA"]
[SourceTitle "EXT 2021"]
[Source "ChessBase"]
[SourceDate "2020.10.23"]
[SourceVersion "1"]
[SourceVersionDate "2020.10.23"]
[SourceQuality "1"]

1. Nf3 Nf6 2. g3 g6 3. Bg2 Bg7 4. 0-0 0-0 5. d4 d6 6. b3 c5 7. c4 Nc6 8. Bb2 cxd4 9. Nxd4 Bd7 10. Nc2 Bf5 11. Ne3 Bd7 12. Nc3 Rc8 13. Rc1 Re8 14. Qd2 Qa5 15. Rfd1 Be6 16. a3 Qd8 17. b4 Ne5 18. Ncd5 Nxd5 19. cxd5 Bd7 20. h3 Ba4 21. Rxc8 Qxc8 22. Rc1 Qb8 23. Bd4 Rc8 24. Rc3 Nd7 25. h4 Bxd4 26. Qxd4 Rxc3 27. Qxc3 Nb6 28. Bh3 Bd7 29. Bxd7 Nxd7 30. a4 Qd8 31. a5 a6 32. Kg2 Nf6 33. g4 Ne8 34. g5 Qc7 35. Qd4 Ng7 36. Qe4 Qd7 37. Qc2 Nf5 38. Nxf5 Qxf5 39. Qxf5 gxf5 40. Kg3 e5 41. dxe6 fxe6 42. Kf4 Kg7 43. h5 Kf7 44. e4 fxe4 45. Kxe4 h6 46. g6+ Kg7 47. f3 Kf6 48. f4 Ke7 49. Kd4 Kf6 50. Kc4 Kg7 51. b5 Kf6 52. b6 Kg7 53. Kd4 Kf6 54. Ke4 Kg7 55. f5 e5 56. Kd5 Kf6 57. Kxd6 e4 58. g7 Kxg7 59. Ke7 e3 60. f6+ Kh7 61. f7 e2 62. f8Q e1Q+ 63. Kd7 Qd1+ 64. Kc7 Qxh5 65. Qe7+ Kg8 66. Qe6+ Kg7 67. Qd7+ Kg8 68. Kxb7 Qxa5 69. Qc8+ Kg7 70. Ka7 Qd2 71. Qc7+ Kg6 72. Qc6+ Kg7 73. b7 1-0

[Event "Titled Tuesday intern op1 5th April"]
[Site "Chess.com INT"]
[Date "2016.04.05"]
[Round "1"]
[White "Zazuliak, Andriy"]
[Black "Nakamura, Hikaru"]
[Result "0-1"]
[WhiteElo "2272"]
[BlackElo "2787"]
[PlyCount "101"]
[EventDate "2016.04.05"]
[EventType "swiss (blitz)"]
[EventRounds "9"]
[EventCountry "USA"]
[SourceTitle "EXT 2021"]
[Source "ChessBase"]
[SourceDate "2020.10.23"]
[SourceVersion "1"]
[SourceVersionDate "2020.10.23"]
[SourceQuality "1"]

1. d4 f5 2. c4 Nf6 3. Nc3 e6 4. Nf3 Bb4 5. Qc2 Ne4 6. Bd2 Nxd2 7. Qxd2 0-0 8. e3 Be7 9. Be2 c6 10. 0-0 d5 11. Ne5 Nd7 12. Nxd7 Bxd7 13. f4 g5 14. g3 Kh8 15. Bd3 Bf6 16. c5 Qe7 17. b4 Qg7 18. Ne2 h5 19. fxg5 Qxg5 20. h4 Qh6 21. Nf4 e5 22. dxe5 Bxe5 23. Rae1 Rg8 24. Kh2 Rg7 25. Qe2 Rag8 26. Rg1 Rg4 27. Qf2 R4g7 28. Be2 Be8 29. Bf3 d4 30. Rg2 Bf7 31. Kh3 Bc7 32. Qd2 dxe3 33. Qxe3 Re8 34. Qc3 Rxe1 35. Qxe1 Kg8 36. Qe3 Kh7 37. Qd4 b6 38. a3 bxc5 39. bxc5 Kg8 40. Be2 Bxf4 41. gxf4 Rxg2 42. Kxg2 Bd5+ 43. Bf3 Qg6+ 44. Kf2 Bxf3 45. Qd8+ Kg7 46. Qe7+ Qf7 47. Qxf7+ Kxf7 48. Kxf3 Ke6 49. Ke3 Kd5 50. Kd3 Kxc5 51. Kc3 0-1

[Event "Titled Tuesday intern op2 1st March"]
[Site "Chess.com INT"]
[Date "2016.03.01"]
[Round "8"]
[White "Gedajlovic, Max"]
[Black "Zazuliak, Andriy"]
[Result "1/2-1/2"]
[WhiteElo "2302"]
[BlackElo "2276"]
[PlyCount "177"]
[EventDate "2016.03.01"]
[EventType "swiss (blitz)"]
[EventRounds "9"]
[EventCountry "USA"]
[SourceTitle "EXT 2021"]
[Source "ChessBase"]
[SourceDate "2020.10.23"]
[SourceVersion "1"]
[SourceVersionDate "2020.10.23"]
[SourceQuality "1"]

1. d4 Nf6 2. Nf3 g6 3. c4 Bg7 4. Nc3 0-0 5. e4 d6 6. h3 Na6 7. Bg5 h6 8. Be3 e5 9. d5 Nc5 10. Nd2 a5 11. Be2 Ne8 12. Nb3 b6 13. Nxc5 bxc5 14. Qd2 Kh7 15. g4 Bd7 16. 0-0-0 a4 17. h4 Qe7 18. f3 Rb8 19. Bd3 Qd8 20. Nb5 Bxb5 21. cxb5 Ra8 22. a3 Qb8 23. Rdg1 Qb6 24. Kb1 Qb7 25. h5 g5 26. Bxg5 hxg5 27. Qxg5 Qc8 28. h6 Bh8 29. Qh5 Qd7 30. g5 Rg8 31. f4 exf4 32. e5+ Rg6 33. e6 Qe7 34. Re1 Be5 35. exf7 Qxf7 36. Rhf1 c4 37. Rxf4 Qg8 38. Bxg6+ Qxg6+ 39. Qxg6+ Kxg6 40. Rf8 Rb8 41. b6 cxb6 42. Rxe5 dxe5 43. d6 Rd8 44. d7 Rxd7 45. Rxe8 Kxg5 46. Rxe5+ Kf4 47. Re6 b5 48. Rb6 Rd5 49. Kc2 Rh5 50. Kc3 Rh3+ 51. Kd4 Rb3 52. h7 Rh3 53. Rxb5 Rxh7 54. Kxc4 Ke4 55. Kb4 Ra7 56. Rb8 Kd5 57. Rb5+ Kc6 58. Rc5+ Kd6 59. Rc2 Ra8 60. Rd2+ Kc6 61. Rc2+ Kd6 62. Rc5 Rb8+ 63. Rb5 Ra8 64. Ra5 Rb8+ 65. Kc3 Rc8+ 66. Kd3 Rb8 67. Kc2 Rc8+ 68. Kb1 Rc4 69. Ka2 Kc6 70. Rh5 Kb6 71. Rh6+ Kb5 72. Rh5+ Kb6 73. Rh2 Kb5 74. b3 axb3+ 75. Kxb3 Rc5 76. Rh6 Ka5 77. Rh8 Rb5+ 78. Ka2 Ka6 79. a4 Rb4 80. Ka3 Rb1 81. Rh6+ Ka5 82. Rh5+ Ka6 83. Rh6+ Ka5 84. Rh8 Ra1+ 85. Kb3 Rb1+ 86. Kc4 Rb4+ 87. Kc5 Kxa4 88. Ra8+ Kb3 89. Ra5 1/2-1/2

[Event "Titled Tuesday intern op2 1st March"]
[Site "Chess.com INT"]
[Date "2016.03.01"]
[Round "1"]
[White "Zazuliak, Andriy"]
[Black "Bommini, Mounika Akshaya"]
[Result "1-0"]
[WhiteElo "2276"]
[BlackElo "1732"]
[PlyCount "63"]
[EventDate "2016.03.01"]
[EventType "swiss (blitz)"]
[EventRounds "9"]
[EventCountry "USA"]
[SourceTitle "EXT 2021"]
[Source "ChessBase"]
[SourceDate "2020.10.23"]
[SourceVersion "1"]
[SourceVersionDate "2020.10.23"]
[SourceQuality "1"]

1. d4 Nf6 2. c4 g6 3. Nc3 d5 4. Bf4 Bg7 5. e3 0-0 6. Nf3 c5 7. dxc5 Na6 8. cxd5 Nxc5 9. Be5 Qa5 10. Be2 Rd8 11. 0-0 Bf5 12. Rc1 Nfe4 13. Bxg7 Kxg7 14. Qd4+ Kg8 15. b4 Nxc3 16. Qxc3 Qxa2 17. Bc4 Qa4 18. bxc5 Rac8 19. Qd4 Qa5 20. Be2 Be6 21. e4 f5 22. Ng5 Bf7 23. Nxf7 Kxf7 24. exf5 gxf5 25. Bh5+ Kf8 26. Qe5 Kg8 27. Qxf5 Rxc5 28. Bf7+ Kg7 29. Be6 Rf8 30. Qg5+ Kh8 31. Qxe7 Rd8 32. Qf6# 1-0

[Event "Titled Tuesday intern op1 2nd Febr"]
[Site "Chess.com INT"]
[Date "2016.02.02"]
[Round "3"]
[White "Dlugy, Maxim"]
[Black "Zazuliak, Andriy"]
[Result "1-0"]
[WhiteElo "2518"]
[BlackElo "2276"]
[PlyCount "61"]
[EventDate "2016.02.02"]
[EventType "swiss (blitz)"]
[EventRounds "9"]
[EventCountry "USA"]
[SourceTitle "EXT 2021"]
[Source "ChessBase"]
[SourceDate "2020.10.23"]
[SourceVersion "1"]
[SourceVersionDate "2020.10.23"]
[SourceQuality "1"]

1. d4 d5 2. Bf4 Nf6 3. e3 c6 4. c4 Bf5 5. Nc3 e6 6. Qb3 Qb6 7. c5 Qxb3 8. axb3 a6 9. h3 Nbd7 10. b4 Rc8 11. Nf3 Be7 12. Nd2 Bd8 13. Nb3 0-0 14. g4 Bc2 15. Na5 Bxa5 16. bxa5 Rfe8 17. Bd6 e5 18. Kd2 exd4 19. exd4 Bg6 20. f3 h6 21. Ra4 Ra8 22. Rb4 Ra7 23. Be2 Re6 24. Ra1 Ne8 25. Bg3 Re7 26. Ra3 Nf8 27. Rab3 Ne6 28. Bd1 Nd8 29. Na4 Nc7 30. Nb6 Re6 31. Bxc7 1-0

[Event "Titled Tuesday intern op 2nd Febr"]
[Site "Chess.com INT"]
[Date "2016.02.02"]
[Round "3"]
[White "Hess, Robert L"]
[Black "Zazuliak, Andriy"]
[Result "1-0"]
[WhiteElo "2569"]
[BlackElo "2276"]
[PlyCount "83"]
[EventDate "2016.02.02"]
[EventType "swiss (blitz)"]
[EventRounds "9"]
[EventCountry "USA"]
[SourceTitle "EXT 2021"]
[Source "ChessBase"]
[SourceDate "2020.10.23"]
[SourceVersion "1"]
[SourceVersionDate "2020.10.23"]
[SourceQuality "1"]

1. b3 d5 2. Bb2 c5 3. Nf3 Nc6 4. e3 a6 5. Be2 Nf6 6. 0-0 Bf5 7. c4 dxc4 8. bxc4 e6 9. d4 Be7 10. Qb3 Rb8 11. Rd1 cxd4 12. Nxd4 Nxd4 13. Bxd4 Qc7 14. Qa4+ Kf8 15. Nd2 h6 16. Nf3 Rd8 17. Qb3 Nd7 18. Qb2 f6 19. Nh4 Bh7 20. Bh5 e5 21. Bc3 g5 22. Ng6+ Bxg6 23. Bxg6 Kg7 24. Bf5 Nc5 25. Qc2 Rhf8 26. h3 Rxd1+ 27. Qxd1 Qc6 28. Qh5 Qe8 29. Qf3 Qf7 30. Bb4 Qxc4 31. Rb1 b5 32. a3 Rd8 33. Rd1 Rxd1+ 34. Qxd1 Kf7 35. Qh5+ Kf8 36. Qxh6+ Ke8 37. Qh8+ Bf8 38. Qxf6 a5 39. Qc6+ Kf7 40. Qg6+ Ke7 41. Bxc5+ Qxc5 42. Qe6+ 1-0

[Event "Titled Tuesday intern op 2nd Febr"]
[Site "Chess.com INT"]
[Date "2016.02.02"]
[Round "7"]
[White "Wirig, Anthony"]
[Black "Zazuliak, Andriy"]
[Result "0-1"]
[WhiteElo "2513"]
[BlackElo "2276"]
[PlyCount "114"]
[EventDate "2016.02.02"]
[EventType "swiss (blitz)"]
[EventRounds "9"]
[EventCountry "USA"]
[SourceTitle "EXT 2021"]
[Source "ChessBase"]
[SourceDate "2020.10.23"]
[SourceVersion "1"]
[SourceVersionDate "2020.10.23"]
[SourceQuality "1"]

1. e4 c5 2. Nf3 g6 3. d4 cxd4 4. c3 d3 5. h3 Bg7 6. Bxd3 Nc6 7. c4 d6 8. 0-0 Nf6 9. Nc3 0-0 10. Bg5 Nd7 11. Rc1 Nce5 12. Nxe5 Nxe5 13. Be2 Be6 14. b3 h6 15. Bh4 Nc6 16. Nd5 a5 17. f4 Bxd5 18. cxd5 Nd4 19. Bd3 Rc8 20. Rxc8 Qxc8 21. Bxe7 Qc5 22. Bxf8 Kxf8 23. Kh1 Qc3 24. Qb1 Qd2 25. a3 g5 26. e5 gxf4 27. Rd1 Qe3 28. Re1 Qg3 29. Qc1 Bxe5 30. Qc8+ Kg7 31. Qg4+ Qxg4 32. hxg4 Nxb3 33. Rb1 Nc5 34. Bf5 Kf6 35. Kh2 Kg5 36. Kg1 h5 37. Bc8 hxg4 38. Bxb7 Bd4+ 39. Kf1 f3 40. gxf3 gxf3 41. Bc8 Kf4 42. Rd1 Be3 43. Ra1 Ne4 44. Ba6 Ke5 45. Ra2 Kxd5 46. Bb7+ Ke5 47. Bxe4 Kxe4 48. Rb2 d5 49. Rb7 f5 50. Re7+ Kf4 51. Rd7 d4 52. Rd5 Ke4 53. Rxa5 d3 54. Ra4+ Bd4 55. Rb4 d2 56. Rb1 Kd3 57. a4 Kc2 0-1

[Event "Titled Tuesday intern op 2nd Febr"]
[Site "Chess.com INT"]
[Date "2016.02.02"]
[Round "8"]
[White "Zazuliak, Andriy"]
[Black "Dlugy, Maxim"]
[Result "0-1"]
[WhiteElo "2276"]
[BlackElo "2518"]
[PlyCount "60"]
[EventDate "2016.02.02"]
[EventType "swiss (blitz)"]
[EventRounds "9"]
[EventCountry "USA"]
[SourceTitle "EXT 2021"]
[Source "ChessBase"]
[SourceDate "2020.10.23"]
[SourceVersion "1"]
[SourceVersionDate "2020.10.23"]
[SourceQuality "1"]

1. d4 Nf6 2. c4 g6 3. Nc3 Bg7 4. e4 d6 5. Nf3 0-0 6. Be2 e5 7. 0-0 exd4 8. Nxd4 Re8 9. f3 c6 10. Kh1 Nbd7 11. Bf4 Nh5 12. Bxd6 Qf6 13. e5 Nxe5 14. Ne4 Qd8 15. c5 Nf4 16. Re1 b6 17. Rc1 bxc5 18. Bxc5 Nxe2 19. Rxe2 Ba6 20. Rec2 Nd3 21. Nxc6 Qh4 22. Rd2 Nxc1 23. Qxc1 Bb7 24. Bf2 Qh6 25. Rc2 Qxc1+ 26. Rxc1 Rac8 27. Nd6 Rxc6 28. Rxc6 Bxc6 29. Nxe8 Bxe8 30. Bxa7 Bxb2 0-1

[Event "Titled Tuesday intern op 2nd Febr"]
[Site "Chess.com INT"]
[Date "2016.02.02"]
[Round "6"]
[White "Zierk, Steven C"]
[Black "Zazuliak, Andriy"]
[Result "0-1"]
[WhiteElo "2496"]
[BlackElo "2276"]
[PlyCount "42"]
[EventDate "2016.02.02"]
[EventType "swiss (blitz)"]
[EventRounds "9"]
[EventCountry "USA"]
[SourceTitle "EXT 2021"]
[Source "ChessBase"]
[SourceDate "2020.10.23"]
[SourceVersion "1"]
[SourceVersionDate "2020.10.23"]
[SourceQuality "1"]

1. e4 c5 2. Nf3 g6 3. d4 cxd4 4. Nxd4 Bg7 5. Nc3 Nc6 6. Be3 Nf6 7. Bc4 0-0 8. Bb3 d6 9. h3 Nxd4 10. Bxd4 Be6 11. Qd2 Qa5 12. 0-0-0 Rfc8 13. Kb1 b5 14. g4 Bxb3 15. cxb3 b4 16. Nd5 Nxd5 17. Bxg7 Nc3+ 18. bxc3 bxc3 19. Bxc3 Rxc3 20. Rc1 Rxb3+ 21. Kc2 Rb2+ 0-1

[Event "Lvov Gold Cup"]
[Site "Lvov"]
[Date "2012.04.09"]
[Round "2"]
[White "Zazuliak, Andriy"]
[Black "Ustianovich, Nazar"]
[Result "1/2-1/2"]
[WhiteElo "2198"]
[BlackElo "2176"]
[PlyCount "43"]
[EventDate "2012.04.09"]
[EventType "tourn"]
[EventRounds "5"]
[EventCountry "UKR"]
[SourceTitle "CBM 148 Extra"]
[Source "ChessBase"]
[SourceDate "2012.06.22"]
[SourceVersion "1"]
[SourceVersionDate "2012.06.22"]
[SourceQuality "1"]

1. c4 Nf6 2. Nc3 g6 3. g3 Bg7 4. Bg2 0-0 5. e4 d6 6. Nge2 c5 7. 0-0 Nc6 8. d3 Bg4 9. f3 Bd7 10. Be3 Ne8 11. Qd2 Nd4 12. Bf2 Nc7 13. Nxd4 cxd4 14. Nd5 e5 15. Rfc1 Nxd5 16. cxd5 Qb6 17. Rc2 Rfc8 18. Rac1 Rxc2 19. Rxc2 Rc8 20. Rxc8+ Bxc8 21. Be1 Bd7 22. Qb4 1/2-1/2

[Event "Lvov Lion Cup"]
[Site "Lvov"]
[Date "2011.09.04"]
[Round "9"]
[White "Petriv, Mikhail"]
[Black "Zazuliak, Andriy"]
[Result "0-1"]
[WhiteElo "2021"]
[BlackElo "2189"]
[PlyCount "90"]
[EventDate "2011.08.31"]
[EventType "swiss"]
[EventRounds "9"]
[EventCountry "UKR"]
[SourceTitle "CBM 144 Extra"]
[Source "ChessBase"]
[SourceDate "2011.10.28"]
[SourceVersion "1"]
[SourceVersionDate "2011.10.28"]
[SourceQuality "1"]

1. Nf3 Nf6 2. c4 b6 3. Nc3 Bb7 4. d4 e6 5. a3 d5 6. Bg5 Be7 7. cxd5 Nxd5 8. Bxe7 Qxe7 9. Nxd5 Bxd5 10. Rc1 0-0 11. e3 Rc8 12. Bd3 h6 13. 0-0 c5 14. dxc5 Rxc5 15. Rxc5 Qxc5 16. Qc2 Qxc2 17. Bxc2 Bxf3 18. gxf3 Nd7 19. Rc1 Rb8 20. b4 Kf8 21. Bd3 Ne5 22. Be2 Rb7 23. f4 Ng6 24. Rc8+ Ke7 25. Bb5 Kf6 26. Kg2 Nh4+ 27. Kh3 g5 28. fxg5+ hxg5 29. Kg4 Nf5 30. Bc6 Re7 31. Rd8 Rc7 32. b5 Ne7 33. Ra8 a5 34. h4 gxh4 35. Kxh4 Nxc6 36. bxc6 Rxc6 37. Rb8 Ke5 38. f3 Rc3 39. Rxb6 Rxe3 40. Kg3 Rxa3 41. Rb7 f5 42. Rb5+ Kd6 43. Rb6+ Kd5 44. Rb5+ Kd4 45. Kf4 e5+ 0-1

[Event "Lvov Lion Cup"]
[Site "Lvov"]
[Date "2011.09.03"]
[Round "7"]
[White "Buksa, Nataliya"]
[Black "Zazuliak, Andriy"]
[Result "1/2-1/2"]
[WhiteElo "2037"]
[BlackElo "2189"]
[PlyCount "63"]
[EventDate "2011.08.31"]
[EventType "swiss"]
[EventRounds "9"]
[EventCountry "UKR"]
[SourceTitle "CBM 144 Extra"]
[Source "ChessBase"]
[SourceDate "2011.10.28"]
[SourceVersion "1"]
[SourceVersionDate "2011.10.28"]
[SourceQuality "1"]

1. e4 c6 2. d4 d5 3. Nc3 Qa5 4. exd5 cxd5 5. Nf3 Bg4 6. h3 Bxf3 7. Qxf3 e6 8. Bd2 Nc6 9. Bb5 Qc7 10. 0-0 Nf6 11. Rad1 a6 12. Bf4 Bd6 13. Bxc6+ Qxc6 14. Bg5 Be7 15. Rfe1 0-0 16. Rd2 Rfe8 17. Rde2 Rac8 18. Qd3 b5 19. a3 h6 20. Bh4 Qc4 21. Qxc4 Rxc4 22. Bxf6 Bxf6 23. Nxd5 Bxd4 24. c3 Ba7 25. Rd1 Kf8 26. Ne3 Rc6 27. Red2 Bc5 28. Kf1 f6 29. Ke2 Rc7 30. Nc2 Kf7 31. Nb4 Bxb4 32. axb4 1/2-1/2